| Tag |
First Indicator |
Second Indicator |
Subfields |
| LEADER |
00000cam a2200000 4500 |
| 001 |
in00000060457 |
| 005 |
20151007082623.0 |
| 008 |
720615s1953 eng u |
| 010 |
|
|
|a 53012557
|
| 035 |
|
|
|a (OCoLC)00332555
|
| 035 |
|
|
|9 AAF8158AM
|
| 040 |
|
|
|c WSU
|d TXA
|d UtOrBLW
|
| 049 |
|
|
|a TXAM
|c [257528]
|
| 050 |
|
0 |
|a PN4775
|b .W43
|
| 092 |
|
|
|a 070.41
|b W529n
|
| 100 |
1 |
|
|a Westley, Bruce.
|
| 245 |
1 |
0 |
|a News editing.
|
| 264 |
|
1 |
|a Boston :
|b Houghton Mifflin,
|c [1953]
|
| 300 |
|
|
|a 433 pages
|
| 336 |
|
|
|a text
|b txt
|2 rdacontent
|
| 337 |
|
|
|a unmediated
|b n
|2 rdamedia
|
| 338 |
|
|
|a volume
|b nc
|2 rdacarrier
|
| 504 |
|
|
|a Includes bibliography.
|
| 650 |
|
0 |
|a Journalism.
|
| 650 |
|
0 |
|a Newspapers.
|
| 999 |
|
|
|a MARS
|
| 999 |
f |
f |
|s f0705522-7e83-3209-9aa6-b6dd5c4480cb
|i 53f7187a-1f68-3b36-9316-e59304710ac6
|t 0
|
| 952 |
f |
f |
|p ric
|a Texas A&M University
|b Rellis Campus
|c Joint Library Facility
|d Remote Storage
|t 0
|e PN4775 .W43
|h Library of Congress classification
|i unmediated -- volume
|m A14800501095
|
| 998 |
f |
f |
|a PN4775 .W43
|t 0
|l Remote Storage
|